Yoga, swasthya aur Yauvan (Record no. 29821)

MARC details
000 -LEADER
fixed length control field 00437nam a2200169Ia 4500
008 - FIXED-LENGTH DATA ELEMENTS--GENERAL INFORMATION
fixed length control field 230917s9999||||xx |||||||||||||| ||und||
020 ## - ISBN
Price RS1100
040 ## - CATALOGING SOURCE
-- 252971
Original cataloging agency VIVEKANANDA LIBRARY
041 ## - Language
-- English
082 ## - DDC NUMBER
Classification number 613.7 S64Y
100 ## - MAIN ENTRY--PERSONAL NAME
Personal name Singh, Vikram
245 #0 - TITLE STATEMENT
Title Yoga, swasthya aur Yauvan
260 ## - PUBLICATION, DISTRIBUTION, ETC. (IMPRINT)
Place of publication, distribution, etc Delhi
Name of publisher, distributor, etc Hari Books
Date of publication, distribution, etc 2014
300 ## - PHYSICAL DESCRIPTION
Pages vii, 264 p.
500 ## - GENERAL NOTE
General note 3394 02/01/2019 RBP19/73474 14/01/2019 Main Budget
942 ## - ADDED ENTRY ELEMENTS (KOHA)
Koha item type Books
Holdings
Withdrawn status Lost status Damaged status Not for loan Location (home branch) Sublocation or collection (holding branch) Date acquired Koha issues (times borrowed) Koha full call number Accession No. Koha date last seen Koha item type
        VIVEKANANDA LIBRARY VIVEKANANDA LIBRARY 08/02/2019   613.7 S64Y 387196 17/09/2023 Books
        VIVEKANANDA LIBRARY VIVEKANANDA LIBRARY 08/02/2019   613.7 S64Y 387197 17/09/2023 Books
        VIVEKANANDA LIBRARY VIVEKANANDA LIBRARY 08/02/2019   613.7 S64Y 388376 17/09/2023 Books
        VIVEKANANDA LIBRARY VIVEKANANDA LIBRARY 08/02/2019   613.7 S64Y 388377 17/09/2023 Books
© Designed and Maintained by Vivekananda Library, MDU Rohtak